000 01090 a2200229 4500
005 20260327155345.0
008 260327b |||||||| |||| 00| 0 eng d
020 _a9789388359986 (pbk)
037 _cTB
040 _aCRL
_cCRL
041 _2hin
_ahin
084 _aO152,1M86x R0
_qCRL
245 _aमैथिलीशरण गुप्त:
_bजेल के दिनों का लेखन कुणाल गीत और पत्राचार
260 _aनई दिल्ली, भारत:
_bसस्ता साहित्य प्रकाशन मण्डल,
_c2020 .
300 _a177पृ.
365 _b180.00
_cINR
650 _aहिन्दी कविता
650 _aहिन्दी साहित्य
700 _aगुप्ता, अनुप्रिया
_eसम्पादक
_9863007
942 _cTB
_2CC
_hO152,1M86x R0
999 _c1467288
_d1467288